| 000 | 00381 a2200145 4500 | ||
|---|---|---|---|
| 005 | 20250522122911.0 | ||
| 020 | _a978-9987-9487-4-1 | ||
| 082 | _a658.041 TAM | ||
| 100 | _aTAMBWE, M . A | ||
| 245 | _aEntrepreneurship: A Tool for Economic Development | ||
| 250 | _a2nd Ed. | ||
| 260 |
_aDar es salaam, _bTambwe, M .A, _c2013. |
||
| 300 |
_a232P.: ill.; _c20cm. |
||
| 942 |
_2ddc _cBKS |
||
| 999 |
_c2512 _d2512 |
||